Informe de la investigación del homicidio del licenciado Luis Donaldo Colosio Murrieta : entorno político y narcotráfico /
Informe del trabajo desarrollado por la Subprocuraduría Especial para la investigación del homicidio del licenciado Luis Donaldo Colosio Murrieta, encabezada por el abogado Luis Raúl González Pérez, quien fuese designado por el presidente Ernesto Zedillo subprocurador especial del caso el 31 de agos...
Guardado en:
| Autor corporativo: | |
|---|---|
| Formato: | Libro |
| Idioma: | Español |
| Publicado: |
México :
Procuraduría General de la República, Subprocuraduría Especial para el Caso Colosio,
2000, c2000
|
| Colección: | (Informe de la Investigación del Homicidio del Licenciado Luis Donaldo Colosio Murrieta ;
4) |
| Temas: | |
| Etiquetas: |
Sin etiquetas, Sé el primero en etiquetar este registro!
|
MARC
| LEADER | 00000nam^a2200000^a^4500 | ||
|---|---|---|---|
| 001 | 000115636 | ||
| 005 | 20250521000000.0 | ||
| 009 | 20260526122805.526 | ||
| 020 | |a 968-818-170-2 | ||
| 037 | |a Acervo ITESO - Biblioteca | ||
| 041 | |a ESP | ||
| 082 | |a 320. 9720639 |b MEX V. 4 | ||
| 110 | |a México. |b Procuraduría General de la República. Subprocuraduría Especial para el Caso Colosio | ||
| 240 | 1 | 1 | |a [Informe de la investigación del homicidio del licenciado Luis Donaldo Colosio Murrieta] |
| 245 | 1 | 0 | |a Informe de la investigación del homicidio del licenciado Luis Donaldo Colosio Murrieta : |b entorno político y narcotráfico / |
| 264 | 4 | |a México : |b Procuraduría General de la República, Subprocuraduría Especial para el Caso Colosio, |c 2000, c2000 | |
| 300 | |a 488 p. | ||
| 336 | |a texto |b txt |2 rdacontenido | ||
| 337 | |a sin mediación |b n |2 rdamedio | ||
| 338 | |a volumen |b nc |2 rdasoporte | ||
| 440 | 1 | |a (Informe de la Investigación del Homicidio del Licenciado Luis Donaldo Colosio Murrieta ; |v 4) | |
| 520 | |a Informe del trabajo desarrollado por la Subprocuraduría Especial para la investigación del homicidio del licenciado Luis Donaldo Colosio Murrieta, encabezada por el abogado Luis Raúl González Pérez, quien fuese designado por el presidente Ernesto Zedillo subprocurador especial del caso el 31 de agosto de 1996. Acaecido el 23 de marzo de 1994 en Tijuana durante un acto proselitista del sonorense Colosio Murrieta (1950-1994 ) como candidato presidencial del Partido Revolucionario Institucional, el asesinato y su magnitud implicaron la creación de una instancia especial, de la que González Pérez fue el cuarto responsable. El cuarto tomo expone la línea de investigación que sugiere la participación del narcotráfico en el asesinato, el entorno político de la campaña presidencial, la relación de personas que han rendido declaración acerca del caso y el ejercicio presupuestal de la Subprocuraduría Especial; una quinta parte, consistente en unos anexos contenidos en un disco compacto, no está en la Biblioteca del ITESO. | ||
| 649 | |a XX | ||
| 650 | |a Candidatos Políticos Mexicanos | ||
| 650 | |a Políticos Mexicanos | ||
| 650 | |a Investigación del Delito - |z México - |x Informes | ||
| 650 | |a Asesinato Político - |z México | ||
| 650 | |a Violencia Política - |z México | ||
| 650 | |a Narcotráfico - |z México | ||
| 650 | |a Criminalidad - |z México | ||
| 650 | |a Problemas Sociales - |z México | ||
| 650 | |a Criminalística - |z México | ||
| 650 | |a Delitos Políticos - |z México | ||
| 650 | |a Derecho Político - |z México | ||
| 650 | |a Derecho Penal - |z México | ||
| 650 | |a Derecho Público - |z México | ||
| 650 | |a Campaña Electoral - |z México - |x Historia - |y 1988-1994 | ||
| 650 | |a Elecciones - |z México - |x Historia - |y 1988-1994 | ||
| 650 | |a Política - |z México - |x Historia - |y 1988-1994 | ||
| 650 | |a Política - |z México - |x Historia - |y 1994-2000 | ||
| 650 | |a Política - |z México - |x Historia - |y Siglo XX | ||
| 650 | |a Política - |z México - |x Documentos | ||
| 650 | |a México - |x Condiciones Políticas | ||
| 650 | |a Colosio Murrieta, Luis Donaldo - |x Tema Principal | ||
| 910 | |a Fondo General | ||
| 920 | |a Impresos - Libros | ||
| 930 | |a Colección General | ||
| 905 | |a 101 | ||
| 901 | |a 0500050431 |b IT1 |c ACC |u 20250521 | ||
| 902 | |a https://opac.biblio.iteso.mx/vufind/Record/000115636 | ||